| 000 | 01780nam a2200385 a 4500 | ||
|---|---|---|---|
| 001 | ebr10657936 | ||
| 003 | CaPaEBR | ||
| 006 | m u | ||
| 007 | cr cn||||||||| | ||
| 008 | 121210s2013 caua sb 001 0 eng d | ||
| 010 | _z 2012046248 | ||
| 020 | _z9781118348260 (pbk.) | ||
| 020 | _z9781118420317 (e-book) | ||
| 040 |
_aCaPaEBR _cCaPaEBR |
||
| 035 | _a(OCoLC)842860087 | ||
| 050 | 1 | 4 |
_aHD6270 _b.S354 2013eb |
| 082 | 0 | 4 |
_a658.3/01 _223 |
| 100 | 1 |
_aSaratovsky, Kari Dunn, _d1979- |
|
| 245 | 1 | 0 |
_aCause for change _h[electronic resource] : _bthe why and how of nonprofit millennial engagement / _cKari Dunn Saratovsky, Derrick Feldman ; foreword by Jean Case. |
| 250 | _a1st ed. | ||
| 260 |
_aSan Francisco : _bJossey-Bass, a Wiley imprint, _c2013. |
||
| 300 |
_axxii, 214 p. : _bill. |
||
| 504 | _aIncludes bibliographical references and index. | ||
| 505 | 0 | _aThe importance of the next generation and why they matter to you -- Developing your millennial engagement strategy -- Generation connected -- A call to action -- The power of peer influence -- The millennial donor -- Millennials in the workplace -- Millennials as nonprofit leaders. | |
| 533 |
_aElectronic reproduction. _bPalo Alto, Calif. : _cebrary, _d2013. _nAvailable via World Wide Web. _nAccess may be limited to ebrary affiliated libraries. |
||
| 650 | 0 |
_aGeneration Y _xEmployment. |
|
| 650 | 0 |
_aYouth _xEmployment. |
|
| 650 | 0 | _aNonprofit organizations. | |
| 650 | 0 | _aIntergenerational communication. | |
| 650 | 0 | _aPersonnel management. | |
| 655 | 7 |
_aElectronic books. _2local |
|
| 700 | 1 |
_aFeldman, Derrick, _d1978- |
|
| 710 | 2 | _aebrary, Inc. | |
| 856 | 4 | 0 |
_uhttp://site.ebrary.com/lib/rucke/Doc?id=10657936 _zAn electronic book accessible through the World Wide Web; click to view |
| 999 |
_c64933 _d64933 |
||